[Event "COL-ch Superate fin-B"]
[Site "Bogota"]
[Date "2016.11.17"]
[Round "5.3"]
[White "Salamanca, Juan David"]
[Black "Giraldo Aristizabal, Marlon"]
[Result "0-1"]
[WhiteElo "1809"]
[BlackElo "1716"]
[PlyCount "70"]
[EventDate "2016.11.15"]
[EventType "swiss"]
[EventRounds "5"]
[EventCountry "COL"]
[SourceTitle "EXT 2024"]
[Source "ChessBase"]
[SourceDate "2023.10.10"]
[SourceVersion "1"]
[SourceVersionDate "2023.10.10"]
[SourceQuality "1"]

1. b3 Nf6 2. Bb2 e6 3. e3 d5 4. f4 c5 5. Nf3 Bd6 6. Be2 0-0 7. 0-0 Nc6 8. Qe1 Qe7 9. Qg3 Re8 10. Be5 Nb8 11. d3 Nbd7 12. Nbd2 Nf8 13. h4 Ng6 14. Bxd6 Qxd6 15. Ne5 Ne7 16. Qh3 Nd7 17. Nxd7 Bxd7 18. g4 Nc6 19. c3 b5 20. c4 dxc4 21. Ne4 Qe7 22. dxc4 bxc4 23. Bxc4 Na5 24. Be2 Bc6 25. Bf3 Rac8 26. Rac1 c4 27. bxc4 Bxe4 28. Bxe4 Nxc4 29. Bd3 Nd2 30. Rfd1 Rxc1 31. Rxc1 Qa3 32. Rd1 Qxd3 33. Qg2 Qxe3+ 34. Kh1 Ne4 35. Rf1 Rc8 0-1

[Event "Florencia op"]
[Site "Florencia"]
[Date "2015.12.08"]
[Round "7"]
[White "Toledo, Hernan Dario"]
[Black "Salamanca, Juan David"]
[Result "1/2-1/2"]
[WhiteElo "1644"]
[BlackElo "1732"]
[PlyCount "25"]
[EventDate "2015.12.04"]
[EventType "swiss"]
[EventRounds "7"]
[EventCountry "COL"]
[SourceTitle "CBM 169 Extra"]
[Source "ChessBase"]
[SourceDate "2015.12.18"]
[SourceVersion "1"]
[SourceVersionDate "2015.12.18"]
[SourceQuality "1"]

1. e4 e6 2. d4 d5 3. Nc3 Bb4 4. e5 c5 5. a3 Bxc3+ 6. bxc3 Nc6 7. f4 Nh6 8. Nf3 Qb6 9. Be3 Nf5 10. Bg1 Qb2 11. dxc5 Qxc3+ 12. Ke2 b6 13. g4 1/2-1/2

[Event "Florencia op"]
[Site "Florencia"]
[Date "2015.12.07"]
[Round "6"]
[White "Salamanca, Juan David"]
[Black "Castrillon, William"]
[Result "1-0"]
[WhiteElo "1732"]
[BlackElo "1577"]
[PlyCount "59"]
[EventDate "2015.12.04"]
[EventType "swiss"]
[EventRounds "7"]
[EventCountry "COL"]
[SourceTitle "CBM 169 Extra"]
[Source "ChessBase"]
[SourceDate "2015.12.18"]
[SourceVersion "1"]
[SourceVersionDate "2015.12.18"]
[SourceQuality "1"]

1. b3 e6 2. Bb2 Nc6 3. e3 d5 4. f4 Nf6 5. Nf3 a6 6. Be2 Bc5 7. 0-0 d4 8. exd4 Nxd4 9. Kh1 Nxe2 10. Qxe2 0-0 11. Ne5 Qd5 12. Nc3 Qd8 13. Rf3 Nd7 14. Ne4 Bd6 15. Nxd7 Bxd7 16. Rg3 f6 17. Nxd6 cxd6 18. Ba3 Bc8 19. Rd3 Rf7 20. Bxd6 Qe8 21. Ba3 b5 22. Re1 a5 23. Re3 b4 24. Bb2 Ra6 25. f5 e5 26. d4 Re7 27. Qc4+ Kh8 28. dxe5 Rc6 29. exf6 Be6 30. Qe4 1-0

[Event "Florencia op"]
[Site "Florencia"]
[Date "2015.12.06"]
[Round "5"]
[White "Calderon Zuta, Nicolas"]
[Black "Salamanca, Juan David"]
[Result "1/2-1/2"]
[WhiteElo "1798"]
[BlackElo "1732"]
[PlyCount "84"]
[EventDate "2015.12.04"]
[EventType "swiss"]
[EventRounds "7"]
[EventCountry "COL"]
[SourceTitle "CBM 169 Extra"]
[Source "ChessBase"]
[SourceDate "2015.12.18"]
[SourceVersion "1"]
[SourceVersionDate "2015.12.18"]
[SourceQuality "1"]

1. e4 e6 2. d4 d5 3. exd5 exd5 4. Nf3 Bd6 5. Bd3 Ne7 6. 0-0 0-0 7. c4 dxc4 8. Bxc4 Bf5 9. Bg5 Bg6 10. Re1 Kh8 11. Nc3 f6 12. Bh4 Nf5 13. Bg3 Nxg3 14. hxg3 Re8 15. Qb3 b6 16. Bd5 c6 17. Be6 Nd7 18. Nh4 Nf8 19. d5 cxd5 20. Bxd5 Rc8 21. Nxg6+ Nxg6 22. Rad1 Rxe1+ 23. Rxe1 Ne5 24. Rd1 Qc7 25. Be6 Rd8 26. Qa4 a5 27. Bb3 Bc5 28. Nd5 Qb7 29. Qe4 Qb8 30. Bc2 Ng6 31. Qg4 Qe5 32. Nc3 Rxd1+ 33. Qxd1 Qd4 34. Qf3 Qd8 35. Qh5 Qe8 36. Bxg6 Qxg6 37. Qxg6 hxg6 38. Nd5 Kg8 39. Kf1 Kf7 40. Ke2 Ke6 41. Nf4+ Kf7 42. g4 Bd6 1/2-1/2

[Event "Medellin Flores op 22nd"]
[Site "Medellin"]
[Date "2015.08.07"]
[Round "4"]
[White "Salamanca, Juan David"]
[Black "Perdomo, Jefferson"]
[Result "0-1"]
[WhiteElo "1748"]
[BlackElo "2010"]
[PlyCount "32"]
[EventDate "2015.08.05"]
[EventType "swiss"]
[EventRounds "9"]
[EventCountry "COL"]
[SourceTitle "EXT 2016"]
[Source "ChessBase"]
[SourceDate "2015.10.08"]
[SourceVersion "1"]
[SourceVersionDate "2015.10.08"]
[SourceQuality "1"]

1. b3 Nf6 2. Bb2 g6 3. Bxf6 exf6 4. d4 f5 5. c4 Bg7 6. Nc3 c5 7. e3 f4 8. Nge2 fxe3 9. fxe3 0-0 10. g3 Re8 11. Qd3 Qg5 12. e4 cxd4 13. Nxd4 Nc6 14. Nf3 Qa5 15. Rc1 Bxc3+ 16. Rxc3 Nb4 0-1

[Event "Florencia San Pedrino-Caqueta"]
[Site "Florencia"]
[Date "2015.06.20"]
[Round "5.5"]
[White "Salamanca, Juan David"]
[Black "Alvarez Angel, Nelson Eduardo"]
[Result "0-1"]
[WhiteElo "1745"]
[BlackElo "1717"]
[PlyCount "60"]
[EventDate "2015.06.18"]
[EventType "swiss"]
[EventRounds "7"]
[EventCountry "COL"]
[SourceTitle "EXT 2024"]
[Source "ChessBase"]
[SourceDate "2023.10.10"]
[SourceVersion "1"]
[SourceVersionDate "2023.10.10"]
[SourceQuality "1"]

1. b3 e5 2. Bb2 d6 3. e3 g6 4. g3 Bg7 5. Bg2 f5 6. Ne2 Ne7 7. 0-0 0-0 8. d4 e4 9. c4 c6 10. Nd2 Be6 11. Qc2 d5 12. Ba3 Nd7 13. Bxe7 Qxe7 14. c5 b6 15. b4 Rfc8 16. Rfb1 a5 17. bxa5 bxc5 18. Qa4 cxd4 19. exd4 c5 20. Rb7 cxd4 21. Rab1 Qe8 22. Qb4 Nc5 23. Rb6 Bf7 24. Nf4 Qa4 25. Qxa4 Nxa4 26. R1b5 Nxb6 27. axb6 Rxa2 28. Nb3 Rb2 29. b7 Rb8 30. Bf1 d3 0-1

[Event "COL-ch U18"]
[Site "Bogota"]
[Date "2015.05.18"]
[Round "7"]
[White "Salamanca, Juan David"]
[Black "Rodriguez, German Enrique"]
[Result "0-1"]
[WhiteElo "1739"]
[BlackElo "1959"]
[PlyCount "94"]
[EventDate "2015.05.13"]
[EventType "tourn"]
[EventRounds "7"]
[EventCountry "COL"]
[SourceTitle "CBM 166 Extra"]
[Source "ChessBase"]
[SourceDate "2015.06.18"]
[SourceVersion "1"]
[SourceVersionDate "2015.06.18"]
[SourceQuality "1"]

1. b3 d5 2. Bb2 c5 3. g3 Nf6 4. Bg2 Nc6 5. e3 g6 6. Ne2 Bg7 7. d3 0-0 8. 0-0 e5 9. Nd2 Be6 10. e4 d4 11. h3 Nh5 12. g4 Nf6 13. f4 exf4 14. Nxf4 Bh6 15. Bc1 Qd6 16. Nc4 Bxc4 17. bxc4 Bg7 18. Nd5 Nd7 19. Bf4 Nde5 20. g5 f6 21. h4 fxg5 22. hxg5 Rf7 23. Bh3 Raf8 24. Qe2 Ne7 25. Bg3 Nxd5 26. cxd5 Kh8 27. Rxf7 Rxf7 28. Rf1 Qe7 29. Bf4 Rxf4 30. Rxf4 Qxg5+ 31. Rg4 Nxg4 32. Qxg4 Qxg4+ 33. Bxg4 Be5 34. Kg2 h5 35. Bc8 b6 36. Kh3 Kg7 37. Kh4 Kh6 38. Bd7 g5+ 39. Kh3 g4+ 40. Bxg4 hxg4+ 41. Kxg4 Kg6 42. Kh4 b5 43. Kg4 c4 44. Kh4 c3 45. Kg4 a5 46. Kf3 a4 47. Kg4 b4 0-1

[Event "COL-ch U18"]
[Site "Bogota"]
[Date "2015.05.16"]
[Round "5"]
[White "Salamanca, Juan David"]
[Black "Obando Guzman, Soren Federico"]
[Result "0-1"]
[WhiteElo "1739"]
[BlackElo "1932"]
[PlyCount "68"]
[EventDate "2015.05.13"]
[EventType "tourn"]
[EventRounds "7"]
[EventCountry "COL"]
[SourceTitle "CBM 166 Extra"]
[Source "ChessBase"]
[SourceDate "2015.06.18"]
[SourceVersion "1"]
[SourceVersionDate "2015.06.18"]
[SourceQuality "1"]

1. b3 Nf6 2. Bb2 b6 3. d3 Bb7 4. Nd2 e6 5. Ngf3 c5 6. g3 d5 7. Bg2 Bd6 8. 0-0 Nbd7 9. e4 Qc7 10. Qe2 d4 11. c3 dxc3 12. Bxc3 e5 13. Bh3 0-0 14. Nh4 g6 15. Ng2 Rad8 16. Nc4 b5 17. Nxd6 Qxd6 18. f4 b4 19. Bb2 Ba6 20. Rad1 Nh5 21. Ne3 Ng7 22. Nc4 Qc6 23. Bxd7 Qxd7 24. Bxe5 Ne6 25. Bd6 Bxc4 26. dxc4 Nd4 27. Rxd4 cxd4 28. Bxf8 d3 29. Qe3 d2 30. Rd1 Kxf8 31. Kg2 h5 32. Kf2 Qh3 33. Ke2 Qg2+ 34. Qf2 Qxe4+ 0-1

[Event "COL-ch U18"]
[Site "Bogota"]
[Date "2015.05.15"]
[Round "4"]
[White "Olarte Parra, Jhoan Sebastian"]
[Black "Salamanca, Juan David"]
[Result "1/2-1/2"]
[WhiteElo "2027"]
[BlackElo "1739"]
[PlyCount "137"]
[EventDate "2015.05.13"]
[EventType "tourn"]
[EventRounds "7"]
[EventCountry "COL"]
[SourceTitle "CBM 166 Extra"]
[Source "ChessBase"]
[SourceDate "2015.06.18"]
[SourceVersion "1"]
[SourceVersionDate "2015.06.18"]
[SourceQuality "1"]

1. f4 d5 2. Nf3 c6 3. e3 Qc7 4. d4 Bg4 5. Bd3 Bxf3 6. gxf3 Nd7 7. c3 e6 8. Qc2 f5 9. b4 Bd6 10. Qg2 Ngf6 11. Nd2 g6 12. Nb3 b6 13. Bd2 c5 14. Bb5 Kf7 15. Nc1 c4 16. Ne2 a5 17. a4 Rag8 18. Bxd7 Qxd7 19. b5 Ke8 20. 0-0-0 Qf7 21. Ng1 h6 22. h4 Qe7 23. Kb2 Rh7 24. Nh3 Rhg7 25. Rdg1 Kd7 26. Nf2 Bb8 27. e4 Bc7 28. e5 Nh5 29. Qf1 Bb8 30. Ng4 Rh8 31. Ne3 Rhg8 32. Nc2 Bc7 33. Qf2 Qe8 34. Bc1 Bb8 35. Ka2 Bc7 36. Rd1 Kc8 37. Ne3 Rd7 38. Nf1 Kb7 39. Ng3 Nxg3 40. Qxg3 h5 41. Ba3 Rdg7 42. Rd2 Qd7 43. Qe1 Qe8 44. Rg1 Qd7 45. Rdg2 Qe8 46. Qg3 Bd8 47. Bd6 Qf7 48. Qe1 Kc8 49. Rh1 Be7 50. Bxe7 Qxe7 51. Rg5 Kd7 52. Rhg1 Ke8 53. R1g2 Kf8 54. Qc1 Ke8 55. Qg1 Qf7 56. Kb2 Kf8 57. Qa1 Qe7 58. R2g3 Ke8 59. Rg1 Kf8 60. Qe1 Ke8 61. R5g2 Kf8 62. Qg3 Ke8 63. Ra1 Kf8 64. Kc2 Ke8 65. Kd2 Kf8 66. Ke2 Ke8 67. Kf2 Kf8 68. Kg1 Ke8 69. Kh2 1/2-1/2

[Event "South Region-ch U16 Integrada"]
[Site "Neiva"]
[Date "2015.03.29"]
[Round "4.1"]
[White "Salamanca, Juan David"]
[Black "Santofimio Vega, Andres Camilo"]
[Result "0-1"]
[WhiteElo "1623"]
[BlackElo "1609"]
[PlyCount "64"]
[EventDate "2015.03.28"]
[EventType "swiss"]
[EventRounds "6"]
[EventCountry "COL"]
[SourceTitle "EXT 2024"]
[Source "ChessBase"]
[SourceDate "2023.10.10"]
[SourceVersion "1"]
[SourceVersionDate "2023.10.10"]
[SourceQuality "1"]

1. f4 f5 2. Nf3 Nf6 3. b3 b6 4. Bb2 Bb7 5. e3 e6 6. Be2 Be7 7. 0-0 0-0 8. Ne5 d6 9. Nf3 c5 10. Ng5 Qd7 11. g4 Nxg4 12. Bxg4 fxg4 13. Qxg4 Bxg5 14. Qxg5 Rf5 15. Qg3 Qf7 16. d3 e5 17. Qg4 Nd7 18. Nd2 exf4 19. e4 Rh5 20. Rxf4 Qg6 21. Qxg6 hxg6 22. Nc4 g5 23. Rf5 g6 24. Rf2 d5 25. Nd6 Bc6 26. e5 d4 27. Re1 g4 28. e6 Ne5 29. Kf1 Nf3 30. Ree2 g3 31. hxg3 Rh1+ 32. Kg2 Ne1# 0-1

[Event "South Region-ch U16 Integrada"]
[Site "Neiva"]
[Date "2015.03.28"]
[Round "1.4"]
[White "Cortes Chaguala, Juan Carlos"]
[Black "Salamanca, Juan David"]
[Result "0-1"]
[WhiteElo "1527"]
[BlackElo "1623"]
[PlyCount "36"]
[EventDate "2015.03.28"]
[EventType "swiss"]
[EventRounds "6"]
[EventCountry "COL"]
[SourceTitle "EXT 2024"]
[Source "ChessBase"]
[SourceDate "2023.10.10"]
[SourceVersion "1"]
[SourceVersionDate "2023.10.10"]
[SourceQuality "1"]

1. e4 e6 2. d4 d5 3. Nd2 Nf6 4. e5 Nfd7 5. Ngf3 c5 6. c3 Nc6 7. Be2 f6 8. exf6 Nxf6 9. Nb3 b6 10. Bg5 c4 11. Nbd2 Bd6 12. 0-0 0-0 13. Re1 Qc7 14. Nf1 Ne4 15. Be3 Ne7 16. Kh1 Nf5 17. g3 Nxe3 18. fxe3 Nf2+ 0-1

[Event "South Region-ch U18 Integrada"]
[Site "El Doncello"]
[Date "2015.03.08"]
[Round "5.1"]
[White "Cuevas Sanchez, Bramdon Daniel"]
[Black "Salamanca, Juan David"]
[Result "0-1"]
[WhiteElo "1825"]
[BlackElo "1623"]
[PlyCount "45"]
[EventDate "2015.03.06"]
[EventType "swiss"]
[EventRounds "6"]
[EventCountry "COL"]
[SourceTitle "EXT 2024"]
[Source "ChessBase"]
[SourceDate "2023.10.10"]
[SourceVersion "1"]
[SourceVersionDate "2023.10.10"]
[SourceQuality "1"]

1. e4 e6 2. d4 d5 3. Nd2 Nf6 4. e5 Nfd7 5. Bd3 c5 6. c3 Nc6 7. Ne2 cxd4 8. cxd4 f6 9. exf6 Nxf6 10. 0-0 Bd6 11. Nf3 0-0 12. a3 b6 13. Bg5 Qc7 14. Rc1 Bb7 15. h3 Qd7 16. Bb1 e5 17. Rxc6 Bxc6 18. dxe5 Ne4 19. exd6 Rxf3 20. Bxe4 dxe4 21. Nd4 Rd3 22. Qh5 Rxd4 23. Bd2 0-1

[Event "South Region-ch U18 Integrada"]
[Site "El Doncello"]
[Date "2015.03.06"]
[Round "2.1"]
[White "Salamanca, Juan David"]
[Black "Agudelo, Pedro Luis"]
[Result "1/2-1/2"]
[WhiteElo "1623"]
[BlackElo "1840"]
[PlyCount "63"]
[EventDate "2015.03.06"]
[EventType "swiss"]
[EventRounds "6"]
[EventCountry "COL"]
[SourceTitle "EXT 2024"]
[Source "ChessBase"]
[SourceDate "2023.10.10"]
[SourceVersion "1"]
[SourceVersionDate "2023.10.10"]
[SourceQuality "1"]

1. e4 e5 2. f4 d6 3. Nf3 Nc6 4. Bc4 Be7 5. d3 Bg4 6. 0-0 Nf6 7. Nc3 Nd4 8. Be3 Nxf3+ 9. gxf3 Bh3 10. Rf2 exf4 11. Bxf4 Nh5 12. Bg3 Bh4 13. f4 Nxg3 14. hxg3 Bxg3 15. Qh5 Bxf2+ 16. Kxf2 Qd7 17. f5 Bxf5 18. exf5 0-0-0 19. Qxf7 Qxf7 20. Bxf7 Rdf8 21. Be6+ Kd8 22. Kg3 g6 23. fxg6 hxg6 24. Bg4 Re8 25. Ne4 Rhf8 26. Rh1 Rh8 27. Rxh8 Rxh8 28. Bh3 Re8 29. Kf2 Rf8+ 30. Kg3 Re8 31. Kf2 Rf8+ 32. Kg3 1/2-1/2

[Event "COL-ch School U15"]
[Site "Ibague"]
[Date "2014.11.23"]
[Round "6.3"]
[White "Cuevas Sanchez, Bramdon Daniel"]
[Black "Salamanca, Juan David"]
[Result "1-0"]
[WhiteElo "1767"]
[BlackElo "1584"]
[PlyCount "87"]
[EventDate "2014.11.20"]
[EventType "swiss"]
[EventRounds "6"]
[EventCountry "COL"]
[SourceTitle "EXT 2024"]
[Source "ChessBase"]
[SourceDate "2023.10.10"]
[SourceVersion "1"]
[SourceVersionDate "2023.10.10"]
[SourceQuality "1"]

1. d4 e6 2. c4 d5 3. Nf3 Nf6 4. Nc3 Be7 5. cxd5 exd5 6. Bf4 c6 7. e3 0-0 8. Bd3 Bg4 9. 0-0 Nbd7 10. h3 Bh5 11. Rc1 Re8 12. a3 Nb6 13. Qe2 Bd6 14. Bxd6 Qxd6 15. Qc2 Bxf3 16. gxf3 g6 17. Kh1 Qe6 18. Kh2 Nh5 19. Rg1 Qf6 20. f4 Qd6 21. Rg4 Kh8 22. Rcg1 f5 23. Rg5 Nf6 24. Be2 Ne4 25. Nxe4 dxe4 26. h4 Rg8 27. h5 Nd5 28. Qd1 Nxf4 29. exf4 Qxf4+ 30. R5g3 Qxf2+ 31. Kh1 f4 32. R3g2 Qe3 33. Bc4 Rg7 34. d5 f3 35. Rg3 Qh6 36. Rh3 f2 37. Rg2 cxd5 38. Bxd5 Rf8 39. Bc4 e3 40. Be2 Qf4 41. hxg6 f1Q+ 42. Bxf1 Qxf1+ 43. Qxf1 Rxf1+ 44. Kh2 1-0

[Event "COL-ch School U17"]
[Site "Bogota"]
[Date "2014.11.16"]
[Round "3.3"]
[White "Mercado Pena, Jorge Esteban"]
[Black "Salamanca, Juan David"]
[Result "1-0"]
[WhiteElo "1762"]
[BlackElo "1584"]
[PlyCount "49"]
[EventDate "2014.11.14"]
[EventType "swiss"]
[EventRounds "6"]
[EventCountry "COL"]
[SourceTitle "EXT 2024"]
[Source "ChessBase"]
[SourceDate "2023.10.10"]
[SourceVersion "1"]
[SourceVersionDate "2023.10.10"]
[SourceQuality "1"]

1. e4 e6 2. d4 d5 3. exd5 exd5 4. c4 Be6 5. Nc3 Nc6 6. Nf3 Nf6 7. c5 Be7 8. Bd3 0-0 9. 0-0 Bg4 10. Be3 Bxc5 11. dxc5 d4 12. Bf4 dxc3 13. bxc3 Nd5 14. Bg3 h6 15. Bc4 Nxc3 16. Qc2 Bxf3 17. Qxc3 Bh5 18. Rab1 Rb8 19. Rfe1 Kh8 20. Bf4 Kh7 21. Qg3 f5 22. Bxc7 f4 23. Qd3+ Bg6 24. Bxd8 Bxd3 25. Bxd3+ 1-0

[Event "South Region-ch U14"]
[Site "Florencia"]
[Date "2014.05.16"]
[Round "3.1"]
[White "Salamanca, Juan David"]
[Black "Calderon Zuta, Nicolas"]
[Result "0-1"]
[WhiteElo "1584"]
[BlackElo "1631"]
[PlyCount "59"]
[EventDate "2014.05.15"]
[EventType "swiss"]
[EventRounds "4"]
[EventCountry "COL"]
[SourceTitle "EXT 2024"]
[Source "ChessBase"]
[SourceDate "2023.10.10"]
[SourceVersion "1"]
[SourceVersionDate "2023.10.10"]
[SourceQuality "1"]

1. d4 Nf6 2. c4 g6 3. Nc3 d5 4. Nf3 e6 5. Bg5 Nbd7 6. e3 c6 7. Bd3 Bg7 8. 0-0 0-0 9. Qe2 Qc7 10. Rac1 Re8 11. Rfd1 h6 12. Bf4 Qd8 13. b4 Nb6 14. c5 Nbd7 15. b5 Nh5 16. Bd6 Bf8 17. Bg3 Nxg3 18. hxg3 Bg7 19. bxc6 bxc6 20. Rb1 e5 21. Nxe5 Bxe5 22. dxe5 Nxc5 23. f4 h5 24. Bc4 Bg4 25. Qc2 Bxd1 26. Rxd1 Qe7 27. Nxd5 cxd5 28. Bxd5 Ne6 29. Bxa8 Rxa8 30. Rd6 0-1

[Event "Ortega op 3rd"]
[Site "Ortega"]
[Date "2013.06.07"]
[Round "1"]
[White "Lozano Ramirez, Nestor Favian"]
[Black "Salamanca, Juan David"]
[Result "1-0"]
[WhiteElo "2102"]
[BlackElo "1559"]
[PlyCount "55"]
[EventDate "2013.06.07"]
[EventType "swiss"]
[EventRounds "8"]
[EventCountry "COL"]
[SourceTitle "CBM 154 Extra"]
[Source "ChessBase"]
[SourceDate "2013.06.25"]
[SourceVersion "2"]
[SourceVersionDate "2013.06.25"]
[SourceQuality "1"]

1. c4 e6 2. g3 Nf6 3. Bg2 d5 4. Nf3 c5 5. 0-0 Nbd7 6. cxd5 exd5 7. d4 c4 8. Nc3 Bb4 9. Ne5 Bxc3 10. bxc3 b5 11. a4 Qa5 12. Qc2 Bb7 13. Ba3 Qxa4 14. Qxa4 bxa4 15. Nxc4 dxc4 16. Bxb7 Rb8 17. Bc6 Kd8 18. Bxa4 Nd5 19. Rfc1 Re8 20. Bc6 N5f6 21. e3 Re6 22. d5 Re5 23. Bd6 Rb2 24. Rxa7 Rf5 25. Ra8+ Nb8 26. Rxb8+ Rxb8 27. Bxb8 Nxd5 28. e4 1-0

[Event "COL-ch U18"]
[Site "Florencia"]
[Date "2013.06.02"]
[Round "5"]
[White "Valenzuela, Juan Camilo"]
[Black "Salamanca, Juan David"]
[Result "0-1"]
[WhiteElo "1310"]
[BlackElo "1559"]
[PlyCount "36"]
[EventDate "2013.05.31"]
[EventType "swiss"]
[EventRounds "7"]
[EventCountry "COL"]
[SourceTitle "CBM 154 Extra"]
[Source "ChessBase"]
[SourceDate "2013.06.25"]
[SourceVersion "2"]
[SourceVersionDate "2013.06.25"]
[SourceQuality "1"]

1. e4 d5 2. exd5 Qxd5 3. Nc3 Qa5 4. Bc4 Nf6 5. d3 c6 6. Bd2 Bf5 7. Nce2 Qd8 8. Ng3 Bg6 9. Nf3 e6 10. Bc3 Be7 11. Ne5 Nbd7 12. Nxg6 hxg6 13. Ne4 Qc7 14. Nxf6+ Bxf6 15. Bxf6 Nxf6 16. Qe2 0-0-0 17. Qf3 Qe5+ 18. Kd2 Qxb2 0-1

[Event "COL-ch U18"]
[Site "Florencia"]
[Date "2013.05.31"]
[Round "2"]
[White "Calero, Hector Andres"]
[Black "Salamanca, Juan David"]
[Result "1/2-1/2"]
[WhiteElo "1781"]
[BlackElo "1559"]
[PlyCount "133"]
[EventDate "2013.05.31"]
[EventType "swiss"]
[EventRounds "7"]
[EventCountry "COL"]
[SourceTitle "CBM 154 Extra"]
[Source "ChessBase"]
[SourceDate "2013.06.25"]
[SourceVersion "2"]
[SourceVersionDate "2013.06.25"]
[SourceQuality "1"]

1. e4 d5 2. exd5 Qxd5 3. Nc3 Qa5 4. d4 Bf5 5. Nf3 Nf6 6. Bd2 Nbd7 7. Bc4 c6 8. Nd5 Qd8 9. Nxf6+ Nxf6 10. Qe2 e6 11. 0-0-0 Be7 12. Be3 0-0 13. Nh4 Be4 14. Bg5 Bd5 15. Nf3 Qa5 16. h4 Rfe8 17. Bxf6 Bxf6 18. g4 Bxc4 19. Qxc4 Qd5 20. Qxd5 exd5 21. Rhe1 Kf8 22. g5 Be7 23. Rd2 Bd6 24. Ne5 Re7 25. Rde2 f6 26. gxf6 gxf6 27. Ng4 Rxe2 28. Rxe2 Bf4+ 29. Ne3 Re8 30. Kd2 Kg7 31. Kd3 Bxe3 32. Rxe3 Rxe3+ 33. Kxe3 Kg6 34. Kf4 Kh5 35. Kg3 b6 36. b4 a6 37. a4 a5 38. bxa5 bxa5 39. c3 f5 40. Kf4 Kxh4 41. Kxf5 h5 42. f4 Kg3 43. Ke5 h4 44. f5 h3 45. f6 h2 46. f7 h1Q 47. f8Q Qe1+ 48. Kf6 Qxc3 49. Qd6+ Kf3 50. Qe5 Qe3 51. Qh5+ Kf2 52. Qe5 Ke2 53. Ke6 Kd3 54. Kd6 Qxd4 55. Qg3+ Kc2 56. Qg2+ Kb3 57. Kxc6 Kxa4 58. Qa2+ Kb4 59. Qb1+ Ka3 60. Qc1+ Kb3 61. Qb1+ Qb2 62. Qh1 d4 63. Qd5+ Ka4 64. Qc4+ Qb4 65. Qa2+ Qa3 66. Qc4+ Qb4 67. Qa2+ 1/2-1/2